| 000 | 00314 a2200133 4500 | ||
|---|---|---|---|
| 001 | 64031 | ||
| 082 | _a621.3815 WEY | ||
| 090 |
_c37826 _d37826 |
||
| 100 | _aWeyerer, Manfred | ||
| 245 | _aTestability of electronic circuits | ||
| 250 | _a2 | ||
| 260 |
_aNew Jersey _bPrenttice Hall _c1992 |
||
| 300 | _a232p. | ||
| 942 |
_aNUST-CAE _k621.3815 WEY |
||
| 999 |
_c299104 _d299104 |
||